|
|
|
|
| LEADER |
01473nam a22003492a 4500 |
| 001 |
000095193 |
| 003 |
CZ BrMZK |
| 005 |
20160516131804.0 |
| 007 |
ta |
| 008 |
960707s1986 xr d cze d |
| 015 |
|
|
|a cnb000012290
|
| 035 |
|
|
|a (OCoLC)39439791
|
| 040 |
|
|
|a BOA001
|b cze
|
| 080 |
9 |
|
|a 655.285
|
| 080 |
9 |
|
|a 377.5
|
| 080 |
9 |
|
|a 655
|
| 245 |
0 |
0 |
|a Sazba.
|n 2.,
|b Strojová sazba pro 2. a 3. ročník střední průmyslové školy grafické a středního odborného učiliště polygrafického /
|c zpracoval Pavel Pop, Jindřich Fléger, Vladimír Pop
|
| 246 |
3 |
0 |
|a Strojová sazba pro 2. a 3. ročník střední průmyslové školy grafické a středního odborného učiliště polygrafického
|
| 250 |
|
|
|a 1. vyd.
|
| 260 |
|
|
|a Praha :
|b Státní pedagogické nakladatelství,
|c 1986
|
| 300 |
|
|
|a 49 s.
|
| 490 |
1 |
|
|a Učebnice pro střední školy
|
| 700 |
1 |
|
|a Pop, Pavel,
|d 1945-
|7 xx0020398
|4 aut
|
| 700 |
1 |
|
|a Fléger, Jindřich
|7 ntk2011661405
|4 aut
|
| 830 |
|
0 |
|a Učebnice pro střední školy
|
| 910 |
|
|
|a BOA001
|b PK-N-0025.337
|b 3-0898.436,2
|
| 964 |
|
|
|a Sazečství - učebnice - učiliště odborná střední polygrafická
|
| 964 |
|
|
|a Sazečství - učebnice - školy průmyslové grafické
|
| 990 |
|
|
|a BK
|
| 991 |
|
|
|b 200708
|
| 996 |
6 |
|
|b 2619339805
|c 3-0898.436,2
|l MZK
|r Sklad / do 1 hodiny
|n 4
|w 000095193
|u 000020
|a 1
|e BOA001
|j MZK50
|s P
|
| 996 |
7 |
|
|b 3119968805
|c PK-N-0025.337
|l MZK
|r Sklad / do 1 hodiny
|n 1
|w 000095193
|u 000010
|a 1
|e BOA001
|j MZK50
|s A
|